Statistics for RuPaul's Drag Race Winners (until S11)

Click here to take the quiz!

General Stats

  • This quiz has been taken 127 times
    (95 since last reset)
  • The average score is 13 of 16

Answer Stats

Season Winner % Correct
All Stars 1Chad Michaels
96%
Season 3Raja
94%
Season 4Sharon Needles
92%
Season 6Bianca Del Rio
92%
Season 7Violet Chachki
92%
Season 1Bebe Zahara Benet
90%
Season 2Tyra Sanchez
86%
Season 8Bob The Drag Queen
86%
Season 5Jinkx Monsoon
85%
All Stars 2Alaska
85%
Season 9Sasha Velour
76%
All Stars 3Trixie Mattel
74%
Season 10Aquaria
71%
All Stars 4Monét X Change
54%
All Stars 4Trinity The Tuck
54%
Season 11Yvie Oddly
44%

Score Distribution

Percentile by Number Answered

Percent of People with Each Score

Your Score History

You have not taken this quiz since the last reset